000 00285nam a2200121Ia 4500
008 220204s9999 xx 000 0 und d
082 _bGUP
100 _aGupta, R
245 0 _aPractical mathematics for cost accountants
250 _aEd.6
260 _aBombay
_bAcademic
942 _cBK
999 _c32460
_d32460